Job Opportunities And Learaning Avenues For Graduates Of Agricultural Universities (Record no. 510)

MARC details
000 -LEADER
fixed length control field 00429nam a22001457a 4500
041 ## - LANGUAGE CODE
Language code of text/sound track or separate title ENG
100 ## - MAIN ENTRY--PERSONAL NAME
Personal name Mayee. C.D
245 ## - TITLE STATEMENT
Title Job Opportunities And Learaning Avenues For Graduates Of Agricultural Universities
250 ## - EDITION STATEMENT
Edition statement First ED
260 ## - PUBLICATION, DISTRIBUTION, ETC. (IMPRINT)
Place of publication, distribution, etc Parbhani
Name of publisher, distributor, etc Arathwada Agricutural University
Date of publication, distribution, etc 1996
300 ## - PHYSICAL DESCRIPTION
Extent 294
650 ## - SUBJECT ADDED ENTRY--TOPICAL TERM
Topical term or geographic name as entry element Competive Exam
700 ## - ADDED ENTRY--PERSONAL NAME
Personal name Dhoble R.L ,Kurundkar.B.P ,Patil.H.B
856 ## - ELECTRONIC LOCATION AND ACCESS
Uniform Resource Identifier Competive Exam
Holdings
Withdrawn status Lost status Source of classification or shelving scheme Damaged status Not for loan Home library Current library Shelving location Date acquired Cost, normal purchase price Total Checkouts Barcode Date last seen Price effective from Koha item type
    Dewey Decimal Classification     College of Agricultural Engineering and Technology, Dapoli , Library College of Agricultural Engineering and Technology, Dapoli , Library Book Cart 30/08/2021 300.00   000986 30/08/2021 30/08/2021 Books
    Dewey Decimal Classification     College of Agricultural Engineering and Technology, Dapoli , Library College of Agricultural Engineering and Technology, Dapoli , Library Book Cart 30/08/2021 300.00   000987 30/08/2021 30/08/2021 Books
    Dewey Decimal Classification     College of Agricultural Engineering and Technology, Dapoli , Library College of Agricultural Engineering and Technology, Dapoli , Library Book Cart 30/08/2021 300.00   000988 30/08/2021 30/08/2021 Books

Contact Us: College of Agricultural Engineering and Technology, Dapoli, Dist.- Ratnagiri
Website: https://dbskkv.org Email: caetlibrary2015@gmail.com